Państwa Graniczące z RON w 1569 - Statystyki

Ogólne statystyki
  • Ten quiz został rozwiązany 23 razy
  • Średni wynik to 5 z 9
Statystyki odpowiedzi
Sąsiedzi % Poprawnych
Carstwo Rosyjskie / Rosja
100%
Królestwo Szwecji / Szwecja
82%
Monarchia Habsburgów / Austria
82%
Imperium Osmańskie
71%
Chanat Krymski
47%
Elektorat Brandenburgii / Brandenburgia
41%
Siedmiogród
24%
Hospodarstwo Mołdawskie
12%
Księstwo Pomorskie
0%
Nie znaleziono quizów pasujących do podanych kryteriów
Rozkład punktacji
Procent ludzi z każdym wynikiem
Percentyl według liczby udzielonych odpowiedzi
Twoja historia wyników
Nie rozwiązałeś tego quizu